Financial Management (Record no. 13196)

MARC details
000 -LEADER
fixed length control field 00386nam a22001697a 4500
003 - CONTROL NUMBER IDENTIFIER
control field OSt
008 - FIXED-LENGTH DATA ELEMENTS--GENERAL INFORMATION
fixed length control field 250401b |||||||| |||| 00| 0 eng d
020 ## - INTERNATIONAL STANDARD BOOK NUMBER
International Standard Book Number 9789357780834
082 ## - DEWEY DECIMAL CLASSIFICATION NUMBER
Classification number 658.15 RUF
100 ## - MAIN ENTRY--PERSONAL NAME
Personal name RUSTAGI,RP
245 ## - TITLE STATEMENT
Title Financial Management
250 ## - EDITION STATEMENT
Edition statement 7th Ed
260 ## - PUBLICATION, DISTRIBUTION, ETC. (IMPRINT)
Place of publication, distribution, etc New Delhi
Name of publisher, distributor, etc Taxmann
Date of publication, distribution, etc 2024
300 ## - PHYSICAL DESCRIPTION
Extent 926
650 ## - SUBJECT ADDED ENTRY--TOPICAL TERM
Topical term or geographic name as entry element Financial Management
942 ## - ADDED ENTRY ELEMENTS (KOHA)
Source of classification or shelving scheme Dewey Decimal Classification
Holdings
Withdrawn status Lost status Source of classification or shelving scheme Damaged status Not for loan Collection code Home library Current library Date acquired Source of acquisition Currency Cost, normal purchase price Bill Number Total Checkouts Full call number Acc. no. / Barcode Date last seen Actual Cost, discounted price Bill Date Koha item type
    Dewey Decimal Classification     MBA PIET C-LIBRARY PIET C-LIBRARY 28/03/2025 Zaffa Books INR 1095.00 ZBD0591   658.15 RUF 38852 01/04/2025 766.50 28/03/2025 Reference Books
    Dewey Decimal Classification     MBA PIET C-LIBRARY PIET C-LIBRARY 28/03/2025 Zaffa Books INR 1095.00 ZBD0591   658.15 RUF 38853 01/04/2025 766.50 28/03/2025 Text Books
    Dewey Decimal Classification     MBA PIET C-LIBRARY PIET C-LIBRARY 28/03/2025 Zaffa Books INR 1095.00 ZBD0591   658.15 RUF 38854 01/04/2025 766.50 28/03/2025 Text Books
    Dewey Decimal Classification     MBA PIET C-LIBRARY PIET C-LIBRARY 28/03/2025 Zaffa Books INR 1095.00 ZBD0591   658.15 RUF 38855 01/04/2025 766.50 28/03/2025 Text Books
    Dewey Decimal Classification     MBA PIET C-LIBRARY PIET C-LIBRARY 28/03/2025 Zaffa Books INR 1095.00 ZBD0591   658.15 RUF 38856 01/04/2025 766.50 28/03/2025 Text Books

Design & Developed by: PIET Central Library
R70 Miles Stone Pattikalyana Samalkha Panipat 132102
mail ID :- [email protected], Phone No:- 0180-2569700 Ex.216